Sports Quiz

Random Sports or World Quiz

2014 World Cup Teams Quiz Stats

 Plays Quiz Updated Jun 30, 2014

Support Sporcle.
Go Orange.
Score 0/32 Timer 05:00
2 Plays Today
Group Team % Correct
Group ABrazil
97.5%
Group GGermany
95.8%
Group BSpain
95%
Group FArgentina
93.5%
Group DEngland
93.2%
Group DItaly
92.5%
Group GUnited States
92.4%
Group EFrance
91.7%
Group GPortugal
90.6%
Group AMexico
89.3%
Group BNetherlands
89.3%
Group CJapan
86.5%
Group BChile
85.4%
Group BAustralia
84.8%
Group DUruguay
84.5%
Group HRussia
79%
Group Team % Correct
Group GGhana
78.5%
Group HBelgium
77.4%
Group HSouth Korea
77.2%
Group CColombia
77.1%
Group DCosta Rica
77%
Group ACroatia
76.6%
Group FNigeria
73.5%
Group ESwitzerland
72%
Group ACameroon
70.4%
Group CCôte d'Ivoire
69.4%
Group CGreece
68.4%
Group FIran
68.3%
Group HAlgeria
61.4%
Group EHonduras
60.6%
Group EEcuador
54.9%
Group FBosnia and Herzegovina
49.2%

You're not logged in!

Compare scores with friends on all Sporcle quizzes.
OR
Log In

From the Vault

Celebrities Drinking Coffee

by fluffy3

Even celebs need their caffeine fix.
Remove Ads.
Support Sporcle.
Get the best of Sporcle when you Go Orange. This ad-free experience offers more features, more stats, and more fun while also helping to support Sporcle. Thank you for becoming a member.

Show Comments

Extras

Top Quizzes Today


Score Distribution

Your Account Isn't Verified!

In order to create a playlist on Sporcle, you need to verify the email address you used during registration. Go to your Sporcle Settings to finish the process.

Report this User

Report this user for behavior that violates our Community Guidelines.

Details: